Datum a čas kvízu
24
Celkem bodů
Celkový počet nahraných bodů na tomto kvízu bez doplňovacích otázek.
9.
Pořadí na kvízu
Konečné umístění týmu na tomto kvízu.
Zaznamenané odpovědi
| # | Otázka | Odpověď | Body | Výsledky |
|---|---|---|---|---|
| 1. | Který obchodní řetězec minulý... | Billa | 1 | |
| 2. | Minulý týden média informovala... | v Chorvatsku | 1 | |
| 3. | V pátek proběhlo slavnostní vy... | Vladimír Mišík | 1 | |
| 4. | Relativně málo známý Portrét E... | Gustav Klimt | 0 | |
| 5. | Minulý týden se jeden evropský... | FC Barcelona, Camp Nou | 1 | |
| 6. | Za půl bodu uveďte název ameri... | Bratrstvo neohrožených/Band of Brothers; Richard „Dick“ Winters | 0.5 | |
| 7. | Seřaďte následující vojenské h... | 1C 2A 3B 4D | 1 | |
| 8. | Po půl bodu můžete dostat za u... | Karel Kryl; Bratříčku, zavírej vrátka | 1 | |
| 9. | Jednotka českých a slovenských... | o Francii | 1 | |
| 10. | Ve kterém satirickém románu vy... | Hlava XXII (Catch-22) | 0 |